000 00425nam a2200157Ia 4500
008 210716s2017 xx 000 0 und d
020 _a9789332585942
041 _aeng
082 _a004.604 WOOB
100 _aWood, Brian.
245 _aAdobe muse cc: classroom in a book.
_bClassroom in a book.
250 _a2
260 _aNew Delhi
_bPearson Education
_c2017
300 _avi,346
650 _aWeb Design & Development
999 _c196267
_d196267